<?xml version="1.0" encoding="UTF-8"?><?xml-stylesheet type="text/xsl" href="static/style.xsl"?><OAI-PMH xmlns="http://www.openarchives.org/OAI/2.0/" xmlns:xsi="http://www.w3.org/2001/XMLSchema-instance" xsi:schemaLocation="http://www.openarchives.org/OAI/2.0/ http://www.openarchives.org/OAI/2.0/OAI-PMH.xsd"><responseDate>2026-05-14T06:38:44Z</responseDate><request verb="GetRecord" identifier="oai:riubu.ubu.es:10259/5535" metadataPrefix="marc">https://riubu.ubu.es/oai/request</request><GetRecord><record><header><identifier>oai:riubu.ubu.es:10259/5535</identifier><datestamp>2021-11-02T12:05:28Z</datestamp><setSpec>com_10259_3593</setSpec><setSpec>com_10259_5086</setSpec><setSpec>com_10259_2604</setSpec><setSpec>col_10259_3594</setSpec></header><metadata><record xmlns="http://www.loc.gov/MARC21/slim" xmlns:doc="http://www.lyncode.com/xoai" xmlns:xsi="http://www.w3.org/2001/XMLSchema-instance" xmlns:dcterms="http://purl.org/dc/terms/" xsi:schemaLocation="http://www.loc.gov/MARC21/slim http://www.loc.gov/standards/marcxml/schema/MARC21slim.xsd">
<leader>00925njm 22002777a 4500</leader>
<datafield tag="042" ind1=" " ind2=" ">
<subfield code="a">dc</subfield>
</datafield>
<datafield tag="720" ind1=" " ind2=" ">
<subfield code="a">Sedano Labrador, Carlos</subfield>
<subfield code="e">author</subfield>
</datafield>
<datafield tag="720" ind1=" " ind2=" ">
<subfield code="a">Velasco, Rocío</subfield>
<subfield code="e">author</subfield>
</datafield>
<datafield tag="720" ind1=" " ind2=" ">
<subfield code="a">Suarez Pantiga, Samuel</subfield>
<subfield code="e">author</subfield>
</datafield>
<datafield tag="720" ind1=" " ind2=" ">
<subfield code="a">Sanz Díez, Roberto</subfield>
<subfield code="e">author</subfield>
</datafield>
<datafield tag="260" ind1=" " ind2=" ">
<subfield code="c">2020-10</subfield>
</datafield>
<datafield tag="520" ind1=" " ind2=" ">
<subfield code="a">α-Lithiobenzyl ethers, generated by selective α-lithiation, undergo an aldol-Tishchenko reaction upon treatment with carboxylic esters and paraformaldehyde. The reaction of the organolithium with the carboxylate generates an intermediate enolate that, after formaldehyde addition, affords 1,2,3-triol derivatives in a straightforward and one-pot manner. These products are obtained as single diastereoisomers bearing a quaternary stereocenter. The complete diastereocontrol of the aldol-Tishchenko process is attributed to stereoelectronic preferences in the transition state.</subfield>
</datafield>
<datafield tag="024" ind2=" " ind1="8">
<subfield code="a">1523-7060</subfield>
</datafield>
<datafield tag="024" ind2=" " ind1="8">
<subfield code="a">http://hdl.handle.net/10259/5535</subfield>
</datafield>
<datafield tag="024" ind2=" " ind1="8">
<subfield code="a">10.1021/acs.orglett.0c03014</subfield>
</datafield>
<datafield tag="024" ind2=" " ind1="8">
<subfield code="a">1523-7052</subfield>
</datafield>
<datafield ind1=" " ind2=" " tag="653">
<subfield code="a">Reaction products</subfield>
</datafield>
<datafield ind1=" " ind2=" " tag="653">
<subfield code="a">Aldehydes</subfield>
</datafield>
<datafield ind1=" " ind2=" " tag="653">
<subfield code="a">Ethers</subfield>
</datafield>
<datafield ind1=" " ind2=" " tag="653">
<subfield code="a">Pharmaceuticals</subfield>
</datafield>
<datafield ind1=" " ind2=" " tag="653">
<subfield code="a">Aldol reactions</subfield>
</datafield>
<datafield tag="245" ind1="0" ind2="0">
<subfield code="a">Merging α-Lithiation and Aldol-Tishchenko Reaction to Construct Polyols from Benzyl Ethers</subfield>
</datafield>
</record></metadata></record></GetRecord></OAI-PMH>